Statistics for Canadian Attractions Quiz

Click here to take the quiz!

General Stats

  • This quiz has been taken 14 times
  • The average score is 9 of 22

Answer Stats

HintAnswer% Correct
A famous waterfall on the Ontario/New York borderNiagara Falls
100%
The tallest structure in CanadaCN Tower
93%
Canada's premier zooToronto Zoo
86%
Canada's oldest National ParkBanff National Park
79%
The largest National Park in the Canadian RockiesJasper National Park
71%
One of the great lakes situated near TorontoLake Ontario
71%
The first and largest park in VancouverStanley Park
71%
The oldest and longest skating rink in CanadaRideau Canal
64%
The largest hill in Montreal which is also were they got the name for the cityMount Royal
43%
Canada's largest theme parkCanada's Wonderland
36%
The largest ice field in the Rocky Mountains of North AmericaColumbia Ice Field
36%
The best place for hockey fans across the worldHockey Hall of Fame
36%
You'll see walruses, killer whales, dolphinas and many more at this theme parkMarineland
36%
This castle was built in 1893Château Frontenac
29%
The chain of small islands underneath of TorontoToronto Islands
29%
The biggest amusement park in QuebecLa Ronde
14%
The home of the Peace TowerParliament Hill
14%
This provincial park was also built in 1893Algonquin Provincial Park
7%
It holds the biggest mountains in CanadaCanadian Rockies
7%
This National Park is located in the U.S state of Montana and and the Canadian provinces of Alberta and British ColumbiaGlacier National Park
7%
The oldest amusement park in CanadaPlayland
7%
These rocks were sculpted by the biggest tides in the worldHopewell Rocks
0%

Score Distribution

Percentile by Number Answered

Percent of People with Each Score

Your Score History

You have not taken this quiz